=LDR 00000nam 2200000 4500 =001 NUTBA000000000004110 =005 20140903084134.0 =006 =007 =008 =020 ##$$a 979-795-737-3 =035 ##$$0010-091400000000143 =040 ##$$a NBPDMAT =082 ##$$a 540.76 =084 ##$$a 540.76 Sum t =100 ##$$a Sumarjono =245 ##$$a Top Pocket No.1 kimia SMA X,XI,XII / $c Sumarjono,Khalida Ramadani =260 ##$$a Jakarta : $b Wahyu Media, $c 2013 =300 ##$$a viii, 328 hlm. $b ilus ; $c 15 cm. =650 ##$$a Kimia-SMA-soal,dsb =990 ##$$a 21410162 =990 ##$$a 0001/BPAP-NTB/20142014 =990 ##$$a 0001/BPAP-NTB/20142014 =990 ##$$a 0001/BPAP-NTB/20142014 =990 ##$$a 0001/BPAP-NTB/20142014 =990 ##$$a 0001/BPAP-NTB/20142014 =990 ##$$a 0001/BPAP-NTB/20142014 =990 ##$$a 0001/BPAP-NTB/2016